Discurso en elogio del Ilmo. Sr. D. Manuel Tamayo y Baus, secretario de la Real Academia Española (Record no. 162100)
[ view plain ]
| 000 -LEADER | |
|---|---|
| campo de control de longitud fija | 00908nam a22001935i 4500 |
| 001 - NÚMERO DE CONTROL | |
| campo de control | 162100 |
| 003 - IDENTIFICADOR DE NÚMERO DE CONTROL | |
| campo de control | ES-MaACL |
| 005 - FECHA Y HORA DE LA ÚLTIMA TRANSACCIÓN | |
| campo de control | 20231228063241.0 |
| 008 - DATOS DE LONGITUD FIJA--INFORMACIÓN GENERAL | |
| campo de control de longitud fija | 940301s1899 sp |||| | spa d |
| 040 ## - FUENTE DE CATALOGACIÓN | |
| Centro catalogador/agencia de origen | AS |
| Lengua de catalogación | spa |
| 100 1# - ENTRADA PRINCIPAL--NOMBRE DE PERSONA | |
| Nombre de persona | Pidal y Mon, Alejandro, |
| Fechas asociadas al nombre | 1846-1913 |
| 9 (RLIN) | 91890 |
| 245 10 - MENCIÓN DEL TÍTULO | |
| Título | Discurso en elogio del Ilmo. Sr. D. Manuel Tamayo y Baus, secretario de la Real Academia Española |
| Resto del título | : leído en la junta pública celebrada el día 12 de marzo de 1899 para honrar su memoria / |
| Mención de responsabilidad, etc. | por Alejandro Pidal y Mon. |
| 260 ## - PUBLICACIÓN, DISTRIBUCIÓN, ETC. | |
| Lugar de publicación, distribución, etc. | Madrid : |
| Nombre del editor, distribuidor, etc. | [s.n.], |
| Fecha de publicación, distribución, etc. | 1899 ( |
| Fabricante | Estab. tip. Sucesores de Rivadeneyra) |
| 300 ## - DESCRIPCIÓN FÍSICA | |
| Extensión | 41 p., [1] h. de lám. ; |
| Dimensiones | 28 cm. |
| 599 #1 - NOTA A LAS ILUSTRACIONES | |
| NOTA A LAS ILUSTRACIONES | H. de lám. grab. calc.: "B. Maura gbo 1898", retrato de Tamayo y Baus. |
| 600 14 - PUNTO DE ACCESO ADICIONAL DE MATERIA--NOMBRE DE PERSONA | |
| Nombre de persona | Tamayo y Baus, Manuel- |
| Subdivisión general | Homenajes. |
| 9 (RLIN) | 223601 |
| 852 ## - LOCALIZACIÓN | |
| Ubicación | ES-MaACL |
| Número de control de estantería | Fol-Laf-110 |
| Nota libre | -- Rúst. |
| -- | -- Legado de Modesto de la Fuente |
| Estatus retirado | Estado de pérdida | Estado de daño | No para préstamo | Colección | Biblioteca de origen | Biblioteca actual | Ubicación en estantería | Fecha de adquisición | Fuente de adquisición | Total de préstamos | Signatura topográfica completa | Código de barras | Visto por última vez | Precio de reemplazo | Tipo de ítem Koha |
|---|---|---|---|---|---|---|---|---|---|---|---|---|---|---|---|
| Colección de folletos | Biblioteca del Ateneo de Madrid | Biblioteca del Ateneo de Madrid | Depósito folletos | 17/01/2008 | Fol-Laf-110 | 1169813 | 23/02/2023 | 23/02/2023 | Folleto |
